Viver em sociedade (Registo nº 4275)

Detalhes MARC
000 -Etiqueta do registo
Cabeçalho 00741nam a2200265 4500
005 - Identificador da versão
Campo de controlo 20240904162512.0
010 ## - Número internacional normalizado dos livros (ISBN)
Número (ISBN) 9895571739
021 ## - Número do Depósito Legal
Código do país PT
Número 230089/05
100 ## - Dados gerais de processamento
Dados gerais de processamento 20051007d2005 d y0pory5003 ba
101 1# - Língua de publicação
Língua do texto, banda sonora, etc. Português
Língua do documento no original Francês
102 ## - Pais de publicação ou produção
País de publicação Portugal
105 ## - Campo de dados codificados: livros
Dados codificados dos livros a z 001yy
106 ## - Campo de dados codificados: material textual
Dados codificados do material textual r
200 1# - Titulo e menção de responsabilidade
Título próprio Viver em sociedade
Informação de outro título a ecologia
Primeira menção de responsabilidade [ed. lit.] Gailivro
Outras menções de responsabilidade trad. Ema Rodrigues
210 ## - Publicação, Distribuição, etc. 
Lugar da edição, distribuição, etc. Vila Nova de Gaia
Nome do editor, distribuidor, etc. Gailivro
Data da publicação, distribuição, etc. 2005
215 ## - Descrição física 
Indicação específica da natureza do documento e extensão da espécie 64 p.
Outras indicações físicas il.
Dimensões 23 cm
225 1# - Colecção 
Título próprio da colecção Guia do pequeno cidadão
304 ## - Notas relativas a título e menção de responsabilidade 
Texto da nota Tít. orig.: Vivre ensemble : l'écologie
675 ## - Classificação Decimal Universal (CDU)
Notação 087.5
Edição BN
Língua da edição por
Notação 502
Edição BN
Língua da edição por
702 #1 - Nome de autor-pessoa física (responsabilidade secundária)
Número de registo de entrada de autoridade 0001001
Palavra de ordem Rodrigues
Outra parte do nome não tomada para palavra de ordem Ema
Código de função Tradutor
712 02 - Nome de colectividade-autor (responsabilidade secundária)
Número de registo de entrada de autoridade 0001002
Palavra de ordem Edições Gailivro
Código de função Editor literário / Coordenador
942 ## - Elementos de entrada adicionados (Koha)
Tipo de item no Koha Livro
Exemplares
Situação do levantamento Origin of item (home branch) (coded) Biblioteca de empréstimo Código de barras Cota Circulation type (not for loan) Tipo de documento Nota do exemplar Damaged status
  Biblioteca Escolar das Vendas Biblioteca Escolar das Vendas BEV1435 3PED ROD   Livro Sem mensagem